000 00650nam a2200241Ia 4500
003 OSt
005 20220912151631.0
006 a|||||r|||| 00| 0
007 ta
008 220909b |||||||| |||| 00| 0 eng d
024 _a33974
037 _cTextual
040 _aCSL
_beng
_cCSL
041 _aeng
082 _aD65,8(B)92BoaD:1, N0
100 _aBrown D K
245 0 _aIntroduction on to the finite element method using basic programs
250 _a2
260 _aLondon
_bSurrey University Press
_c1990
300 _a273p
942 _hD65,8(B)92BoaD:1, N0
_cTEXL
_2CC
999 _c73094
_d73094